| 000 | 00464nam a2200181 a 4500 | ||
|---|---|---|---|
| 001 | 2300 | ||
| 003 | CDMR | ||
| 005 | 20131024130334.0 | ||
| 008 | 130130s1979||||||||||||||||||||||||||||d | ||
| 020 | _a8425209412 | ||
| 040 |
_aCDMR _bcat _cCDMR |
||
| 100 | 1 |
_aHale, Julian _91716 |
|
| 245 | 1 | 3 | _aLa radio como arma política |
| 260 |
_aBarcelona _c1979 _bGustavo Gili |
||
| 490 | 0 | _aGG MassMedia | |
| 650 | 0 | 4 |
_94129 _aRadiodifusió _xAspectes polítics |
| 942 |
_cMON _2udc |
||
| 999 |
_c2300 _d2300 |
||